000 00587nam a22001937a 4500
005 20251108165940.0
008 250721s1981 xx 000 0 ara d
082 1 4 _aق/لند
100 1 _aلندن، جاك
245 1 0 _aالعقب الحديديه :
_bرواية عقائديه إشتراكيه /
250 _aط5
264 1 _aبيروت :
_bدار العلم للملايين،
_c1981.
300 _a288ص
650 1 7 _aالأدب العربي
650 1 7 _aأدب الأطفال
700 1 _aالبعلبكي، منير
_eترجمة
942 _2ddc
_cBK
999 _c35628
_d35628